[Event "77th ITA-ch Men 2017"]
[Site "Cosenza"]
[Date "2017.12.09"]
[Round "9"]
[White "Gilevych, Artem"]
[Black "Genocchio, Daniele"]
[Result "0-1"]
[WhiteElo "2422"]
[BlackElo "2403"]
[Annotator "TA"]
[PlyCount "106"]
[EventDate "2017.??.??"]
[EventType "tourn"]
[EventCountry "ITA"]
[SourceTitle "playchess.com"]
[Source "ChessBase"]
[SourceQuality "1"]

{[%evp 12,106,52,35,40,31,29,31,33,-5,0,-82,-76,-74,-85,-65,-79,-83,-66,-83,-71,-131,-125,-136,-89,-142,-118,-124,-110,-144,-140,-153,-143,-158,-141,-303,-190,-190,-190,-194,-194,-190,-185,-414,-352,-422,-406,-412,-344,-400,-393,-395,-344,-359,-343,-366,-360,-402,-299,-268,-286,-291,-311,-333,-333,-335,-341,-470,-333,-421,-422,-412,-418,-429,-438,-433,-422,-407,0,-386,-331,-337,-341,-344,-344,-727,-719,-775,-774,-647,-253,-792,-794,-651,-603,-446,-446]} 1. d4 d6 2. Nf3 g6 3. c4 Bg7 4. Nc3 e5 5. dxe5 dxe5 6. Qxd8+ Kxd8 7. Bd2 Be6 {A41: 1 d4 d6: Tartakower System and Modern Defence} (7... f6 8. O-O-O Bd7 9. g3 Kc8 10. Bg2 Be6 11. b3 Nd7 12. Ne1 c6 13. Nd3 Nh6 14. Ne4 Kc7 15. f4 {½-½ (30) Bai,J (2585)-Lu,S (2620) Xinghua 2017}) 8. O-O-O {Intending Bg5+ and mate.} Nd7 9. Ng5 Bxc4 {White is slightly better.} 10. b3 h6 11. Nge4 (11. e4 $11 Bxb3 12. axb3 hxg5 13. Bc4 (13. Bxg5+ Ngf6 $11)) 11... Be6 $17 12. Nc5 Nxc5 $146 ({Predecessor:} 12... Ne7 13. Nxb7+ Ke8 14. e4 f5 15. Bb5 a6 16. Nc5 axb5 17. Nxe6 Rc8 18. Nxg7+ Kf7 19. exf5 gxf5 20. Nh5 {1-0 (20) Piven,I (2385)-Haeusler,K (1920) Feffernitz 1996}) 13. Bxh6+ Ke8 $1 14. Bxg7 Rh5 $1 {Strongly threatening ...f6.} 15. g4 $1 {[%cal Rg4h5]} Bxg4 16. Nd5 ({Better is} 16. Bg2) 16... Rc8 $1 17. f4 exf4 18. Rg1 (18. Nxf4 $142 Rh7 19. Bb2) 18... Bf5 19. Nxf4 Rxh2 20. Rd5 Ne6 21. Re5 Ne7 22. Bf6 Rf2 23. e3 $2 (23. Nxe6 $17 {was worth a try.} Bxe6 24. Bh4) 23... Nc6 ({Weaker is} 23... Rxa2 24. e4 $17) 24. Bb5 Rxa2 {...Ra1+ is the strong threat.} 25. Rg3 Kf8 26. Nxe6+ Bxe6 ({Don't do} 26... fxe6 27. Bxc6 Kf7 28. Bxb7 $17) 27. Rc5 $2 (27. Bxc6 {only move.} bxc6 28. Re4) 27... Nb4 28. Bb2 Ra5 29. Re5 a6 30. Be2 Rxe5 31. Bxe5 Ke7 32. e4 f6 33. Bd4 {With the idea Bc5+.} c5 34. Bb2 Kf7 35. Rf3 f5 36. exf5 Bxf5 37. Bc4+ Ke7 38. Re3+ Kd7 39. Re2 Re8 40. Rd2+ Kc7 41. Bf6 Re1+ 42. Kb2 b5 43. Be2 Rb1+ 44. Ka3 {[#]} Re1 $2 (44... g5 $1 $19 {Hoping for ...g4.} 45. Be5+ (45. Bxg5 Bc2) 45... Kb7 46. Bf3+ Ka7) 45. Be5+ $2 {[%mdl 8192]} (45. Kb2 $1 $11 {and White has nothing to worry.} Kc6 46. Bf3+ Be4 47. Bxe4+ Rxe4 48. Rg2) 45... Kc8 46. Bd6 Ra1+ 47. Kb2 Rb1+ 48. Ka3 $2 (48. Kc3) 48... Bc2 $19 {[%csl Gc2][%cal Rb1b3]} 49. Bg4+ Kb7 {[%csl Gc2][%cal Rb1b3]} 50. Be6 Bf5 $2 (50... Nd3 {( -> ...Ra1#)} 51. Rxd3 Bxd3 52. Bxc5 Kc6) 51. Bxf5 $2 {[#]} (51. Bxc5 Bxe6 52. Kxb4) 51... Ra1+ $1 {Black is clearly winning.} ({Not} 51... gxf5 52. Bxc5 Nc6 53. Rf2 $17) 52. Kb2 Ra2+ 53. Kc3 {And now Be4+ would win.} gxf5 {Precision: White = 35%, Black = 79%.} 0-1

[Event "77th ITA-ch Men 2017"]
[Site "Cosenza"]
[Date "2017.12.09"]
[Round "9"]
[White "Sonis, Francesco"]
[Black "Dvirnyy, Danyyil"]
[Result "0-1"]
[WhiteElo "2420"]
[BlackElo "2532"]
[Annotator "TA"]
[PlyCount "74"]
[EventDate "2017.??.??"]
[EventType "tourn"]
[EventCountry "ITA"]
[SourceTitle "playchess.com"]
[Source "ChessBase"]
[SourceQuality "1"]

{[%evp 27,74,41,53,21,31,24,19,21,39,37,35,41,41,33,39,-13,-8,-16,-22,-60,-51,-72,-72,-124,-124,-116,-116,-124,-124,-124,-108,-111,-109,-110,-96,-29960,-152,-204,-196,-213,-203,-1663,-1199,-29993,-29994,-29996,-29997,-29997,-212]} 1. Nf3 Nf6 2. c4 c6 3. Nc3 d5 4. e3 g6 5. d4 Bg7 6. Bd3 O-O 7. O-O Bg4 8. h3 Bxf3 9. Qxf3 dxc4 10. Bxc4 Nbd7 11. Rd1 e5 12. d5 e4 13. Nxe4 Nxe4 14. Qxe4 Nb6 15. Bb3 {D94: Grünfeld: 4 Nf3 Bg7 5 e3} cxd5 16. Bxd5 (16. Qg4 {is more complex.} h5 17. Qe2 Rc8 18. Rb1 Re8 19. Bd2) 16... Nxd5 17. Rxd5 {The position is equal.} Qb6 18. Qd3 Rad8 19. e4 Bd4 20. Qf3 {[#]} Rfe8 $146 {...Rxd5 is the strong threat.} ({Predecessor:} 20... Rc8 21. a4 Rc2 22. a5 Qb4 23. Bh6 Qxb2 24. Rf1 Bg7 25. Be3 b6 26. axb6 axb6 {½-½ (26) Dubov,D (2660)-Sutovsky,E (2650) Poikovsky 2017}) 21. Rxd8 (21. Bh6 $14) 21... Rxd8 $11 22. Bg5 Qxb2 23. Re1 Rc8 24. Rd1 h5 25. Rd2 (25. e5 $142 Bxe5 26. Be3) 25... Rc1+ $17 26. Kh2 Rc2 27. Qd3 Rxd2 28. Bxd2 Bxf2 29. Bc3 {White threatens Qd8+ and mate.} Qb6 $1 30. Qd7 {White wants to mate with Qe8+.} Bc5 31. e5 $2 {[%mdl 8192] [#]} (31. Kg3 $17) 31... Qc6 $2 (31... Bg1+ $1 {mates} 32. Kh1 Qb1 33. Qc8+ Kh7 34. Qxb7 Qxb7 35. Kxg1 Qb6+ 36. Kf1 Qb5+ 37. Ke1 Qb1+ 38. Ke2 Qe4+ 39. Kd1 Qxg2 40. h4 Qxa2 41. Be1 Qa1+ 42. Kd2 Qxe5 43. Kd1 a5 44. Bd2 a4 45. Bc1 Qc3 46. Bd2 Qd3 47. Ke1 a3 48. Bc1 Qc3+ 49. Bd2 Qe5+ 50. Kf2 a2 51. Bg5 a1=Q 52. Bd2 Qf5+ 53. Ke2 Qff1+ 54. Ke3 Qe5#) 32. Qd8+ (32. Qxc6 $17 bxc6 33. Kg3) 32... Kh7 $19 33. Ba1 Qe6 34. Qc7 $2 (34. a4) 34... Qc4 {( -> ...Qf4+)} 35. Qxb7 {[#]} Qf1 $1 {Black mates.} 36. h4 Bg1+ 37. Kg3 Qf2+ {Precision: White = 26%, Black = 75%.} 0-1

[Event "77th ITA-ch Men 2017"]
[Site "Cosenza"]
[Date "2017.12.08"]
[Round "10"]
[White "Dvirnyy, Danyyil"]
[Black "Valsecchi, Alessio"]
[Result "1/2-1/2"]
[WhiteElo "2532"]
[BlackElo "2501"]
[Annotator "TA"]
[PlyCount "52"]
[EventDate "2017.??.??"]
[EventType "tourn"]
[EventCountry "ITA"]
[SourceTitle "playchess.com"]
[Source "ChessBase"]
[SourceQuality "1"]

{[%evp 12,52,30,20,31,19,38,31,47,22,47,15,30,33,53,53,73,46,46,45,38,31,48,47,41,42,50,47,53,56,136,137,145,133,129,88,76,75,43,46,49,31,58]} 1. Nf3 Nf6 2. g3 b6 3. Bg2 Bb7 4. O-O g6 5. c4 Bg7 6. d4 O-O 7. Bf4 {LiveBook: 9 Partien. A50: Damenindisch (ohne e7-e6)} Nh5 $146 ({Vorgänger:} 7... d6 8. Nc3 Ne4 9. Nxe4 Bxe4 10. Qd2 c5 11. Qe3 Bb7 12. Bh6 cxd4 13. Nxd4 Bxg2 14. Kxg2 Qd7 15. Bxg7 Kxg7 {½-½ (71) Can,E (2589)-Stupak,K (2564) Khanty-Mansiysk 2017}) 8. Be3 d6 9. Nc3 Nd7 10. Re1 a6 11. Qc2 Rb8 12. Rad1 Nhf6 13. Bg5 b5 14. c5 b4 15. Nb1 {[%cal Bc3b1,Bb1d2,Bd2b3,Bb3a5][%mdl 32] [#] Und c6 würde nun gewinnen.} Be4 16. Qc1 dxc5 17. dxc5 {[%cal Bd4c5,Bc5c6][%mdl 32] Droht c6 und aus.} Qe8 $1 18. Nbd2 Bc6 19. Nb3 e5 20. Na5 Ba4 (20... Be4 $14) 21. c6 $36 {[%mdl 2048] Läuft bei Weiss.} Nb6 22. b3 {Und weiter mit Lxf6 wäre nett.} Bb5 23. Qc5 Ne4 24. Qxb4 f5 25. Be3 Rf7 {[#] zielt auf ...Lf8 ab.} 26. Bc5 {a4 ist eine echte Drohung.} Bf6 {Precision: Weiß = 65%, Schwarz = 32%.} 1/2-1/2

[Event "77th ITA-ch Men 2017"]
[Site "Cosenza"]
[Date "2017.12.08"]
[Round "10"]
[White "Moroni, Luca Jr"]
[Black "Godena, Michele"]
[Result "1/2-1/2"]
[WhiteElo "2530"]
[BlackElo "2499"]
[Annotator "TA"]
[PlyCount "188"]
[EventDate "2017.??.??"]
[EventType "tourn"]
[EventCountry "ITA"]
[SourceTitle "playchess.com"]
[Source "ChessBase"]
[SourceQuality "1"]

{[%evp 9,187,15,18,18,24,17,30,29,32,28,21,14,30,14,25,23,23,24,25,24,16,16,29,29,32,36,47,22,77,71,74,70,85,83,86,57,65,28,27,22,21,20,18,13,57,50,71,71,62,66,63,24,51,67,104,82,91,47,54,41,45,28,30,22,30,12,12,12,16,16,22,0,6,7,16,-19,-26,-39,-26,-35,0,0,-1,-15,-15,-14,-14,-14,-20,-18,-14,-729,-715,-787,-767,-1240,-139,-139,-139,-139,-139,-139,-139,-146,-146,-119,-99,-99,-99,-99,-16,-16,-16,-16,-16,-16,-16,-50,-50,-50,-50,-99,-99,-99,-99,-99,-99,-99,-99,-99,-99,-99,-99,-99,-99,-139,-139,-139,-139,-139,-139,-139,-139,-139,-139,-139,-139,-139,-99,-99,0,-139,0,-139,0,-139,0,0,0,0,0,0,0,0,0,0,0,0,0,0,0,0,0,0,0,0,0,0,0,0]} 1. c4 e5 2. Nc3 Bb4 3. Nd5 Bc5 4. Nf3 c6 5. Nc3 d6 6. e3 {A21: English Opening: 1...e5 2 Nc3} Qe7 7. d4 exd4 8. Nxd4 {White has an edge.} Nf6 9. Be2 O-O 10. O-O Rd8 (10... d5 11. cxd5 cxd5 12. Bf3 Rd8 {½-½ (35) Howell,D (2676)-Sadler,M (2685) London 2017}) 11. a3 Bb6 $146 ({Predecessor:} 11... d5 12. b4 Bxd4 13. Qxd4 {½-½ (40) Usmanov,V (2369)-Popov,V (2557) St Petersburg 2013}) 12. b4 Nbd7 {[%cal Bb8d7,Bd7e5,Be5g6,Bg6f4][%mdl 32]} 13. Bb2 Ne5 14. h3 Bd7 15. Qb3 Bxd4 16. exd4 Ng6 17. Rfe1 d5 18. c5 Ne4 (18... Re8 $11 {keeps the balance.}) 19. Nxe4 $16 dxe4 20. Bc4 Nf4 21. Qg3 Nd5 22. Bc1 Re8 23. Bg5 Qe6 24. Bf4 Qg6 25. Qxg6 hxg6 26. Be5 $36 {[%mdl 2048] White has the initiative.} Be6 27. b5 Nc3 28. bxc6 bxc6 29. Bf1 f6 30. Bc7 Nd5 31. Bd6 f5 32. Rab1 a5 33. Be5 Ra7 34. Rb2 g5 35. Reb1 Kf7 36. Bd6 Rd8 37. Rb7+ Rxb7 38. Rxb7+ Rd7 39. Rb8 Ra7 40. Be2 Nf4 41. Bd1 a4 42. Be5 Bb3 43. Bxb3+ axb3 44. Rxb3 $11 {[%mdl 4096] Endgame KRB-KRN} Ke6 45. h4 Nd3 46. Bb8 Ra4 47. hxg5 Rc4 48. Rb7 Rc1+ 49. Kh2 Nxf2 50. Rxg7 $2 {[%mdl 8192]} (50. Kg3 $11 e3 51. Kf3 (51. Rxg7 $2 e2 $19)) 50... e3 $19 51. Bd6 {[#]} f4 $1 {[%csl Gf2][%cal Rc1h1][%mdl 512]} 52. g4 (52. Bxf4 e2) 52... Nxg4+ $2 (52... Ne4 $19 {is more deadly.} 53. Re7+ Kd5 54. Bxf4 Rc2+ 55. Kg1 e2 56. Rxe4 Kxe4) 53. Kg2 $17 Kf5 54. Rf7+ Kg6 55. Re7 Kxg5 56. Rg7+ Kf5 57. Rf7+ Kg6 58. Rxf4 {[#]} e2 $1 {[%cal Re2e1]} 59. Rxg4+ {KRB-KR} Kh5 (59... Kf5 $17 60. Rf4+ Kg5) 60. Re4 $11 e1=Q 61. Rxe1 Rxe1 {KR-KB} 62. Kf3 Kg5 63. Bg3 Rd1 {[%mdl 1024] Black has compensation.} 64. Ke4 Kf6 65. a4 Ra1 66. Be5+ Ke6 67. Kd3 Kd5 68. Kc3 Rxa4 69. Kb3 Rc4 70. Bf6 Rc1 71. Kb4 Rb1+ 72. Ka5 Kc4 73. Be5 Rb5+ 74. Ka6 Kd5 75. Bf6 Rb4 76. Ka5 Rb1 77. Ka6 Rb3 78. Ka5 Rf3 79. Be5 Rb3 80. Bf6 $1 Rb5+ 81. Ka6 $1 Rb4 82. Ka5 Rxd4 (82... Rb3 $17 {...Rb5+ is the strong threat.} 83. Be5 Rb5+ 84. Ka4 Rb2) 83. Bxd4 {The position is equal.} Kxd4 $17 {KP-KP} 84. Kb4 $1 Kd5 85. Kb3 Kxc5 $11 {KP-K} 86. Kc3 Kd5 {[%cal Bc5d5,Bd5d4,Bd4c4,Bc4d3,Bd3c3][%mdl 32] Strongly threatening ...Kc5.} 87. Kd3 c5 {[%cal Bc6c5,Bc5c4,Bc4c3,Bc3c2][%mdl 32]} 88. Kc3 c4 89. Kc2 Kd4 90. Kd2 c3+ 91. Kc2 $2 {[%mdl 8192]} (91. Kc1) 91... Kc4 92. Kc1 Kd3 {( -> ...c2)} (92... Kb3 $5 93. Kb1 $8 Kc4 $11) 93. Kd1 c2+ 94. Kc1 Kc3 {Precision: White = 59%, Black = 69%.} 1/2-1/2

[Event "77th ITA-ch Men 2017"]
[Site "Cosenza"]
[Date "2017.12.08"]
[Round "10"]
[White "Stella, Andrea"]
[Black "Brunello, Sabino"]
[Result "1/2-1/2"]
[WhiteElo "2505"]
[BlackElo "2553"]
[Annotator "TA"]
[PlyCount "28"]
[EventDate "2017.??.??"]
[EventType "tourn"]
[EventCountry "ITA"]
[SourceTitle "playchess.com"]
[Source "ChessBase"]
[SourceQuality "1"]

{[%evp 12,28,0,0,11,0,0,0,0,0,29,36,30,42,33,27,49,41,49]} 1. d4 Nf6 2. c4 e6 3. Nc3 Bb4 4. Qc2 d5 5. a3 Bxc3+ 6. Qxc3 O-O 7. Nf3 b6 {E36: Nimzo-Indian: Classical: 4...d5 5 a3} 8. Bg5 dxc4 9. Qxc4 Ba6 {The position is equal.} 10. Qa4 Qe8 (10... Qd7 11. Qxd7 Nbxd7 12. Bxf6 gxf6 13. e3 Bb7 14. Be2 c5 15. O-O Rfc8 16. Rac1 Kf8 {½-½ (45) Riazantsev,A (2651)-Ding,L (2774) Palma de Mallorca 2017}) 11. Qxe8 Rxe8 12. Bxf6 $146 ({Predecessor:} 12. Rc1 Nbd7 13. Bxf6 Nxf6 14. e3 Bxf1 15. Rxf1 Rec8 16. Rc6 Nd5 {1-0 (57) Vazquez Igarza,R (2557)-Favarel,A (2350) San Sebastian 2013}) 12... gxf6 13. e3 Bxf1 14. Kxf1 Nd7 1/2-1/2

[Event "77th ITA-ch Men 2017"]
[Site "Cosenza"]
[Date "2017.12.08"]
[Round "10"]
[White "Garcia Palermo, Carlos"]
[Black "Sonis, Francesco"]
[Result "0-1"]
[WhiteElo "2440"]
[BlackElo "2420"]
[Annotator "TA"]
[PlyCount "70"]
[EventDate "2017.??.??"]
[EventType "tourn"]
[EventCountry "ITA"]
[SourceTitle "playchess.com"]
[Source "ChessBase"]
[SourceQuality "1"]

{[%evp 9,70,0,4,-4,4,9,10,6,6,-12,0,-39,-34,-58,-43,-74,-66,-80,-64,-102,-99,-124,-131,-167,-142,-137,-95,-106,-95,-96,-97,-99,-92,-121,-112,-117,-130,-121,-110,-111,-113,-164,-115,-114,-104,-131,-123,-154,-153,-149,-149,-150,-148,-518,-506,-501,-495,-620,-620,-620,-612,-600,-593]} 1. Nf3 Nf6 2. g3 b5 3. e3 a6 4. Bg2 Bb7 5. O-O e6 6. b3 {A05: Réti Opening: 1 Nf3 Nf6} Be7 7. c4 O-O 8. Nc3 {The position is equal.} c5 9. Qe2 $146 ({Predecessor:} 9. d4 d5 10. cxd5 Nxd5 11. Nxd5 Bxd5 12. dxc5 Bxc5 {1-0 (47) Kramnik,V (2801)-Harikrishna,P (2763) Stavanger 2016}) 9... d5 10. d4 dxc4 11. bxc4 cxd4 12. Nxd4 Bxg2 13. Kxg2 Qc7 14. Bd2 bxc4 15. Qf3 Nbd7 {[%cal Bb8d7,Bd7e5,Be5d3][%mdl 32]} 16. Rab1 Ne5 17. Qb7 Qxb7+ 18. Rxb7 Bc5 19. Na4 Ne4 {[%cal Bf6e4,Be4d6,Bd6f5][%mdl 32]} 20. Ba5 Rac8 21. Rd1 Nd3 22. f3 Nd6 23. Rd7 Bxd4 24. exd4 Nf5 25. Rb1 (25. Rd2 $17) 25... Ne3+ 26. Kg1 Rb8 $36 {[%mdl 2048] Black is really pushing.} 27. Rbb7 Nd5 28. Nc3 Nxc3 29. Bxc3 {[#]} Nc1 $1 {[%cal Rc1e2]} 30. Bd2 Nxa2 {Threatens to win with ...Rxb7.} 31. Rxf7 $2 {[%mdl 8192]} (31. Rxb8 $17 Rxb8 32. Rc7) 31... Rxb7 $19 {Black is clearly winning.} ({Not} 31... Rxf7 32. Rxb8+ Rf8 33. Rb2 $15) 32. Rxb7 c3 33. Kf2 cxd2 34. Ke2 Nc3+ 35. Kxd2 Rxf3 {Precision: White = 36%, Black = 79%.} 0-1

[Event "77th ITA-ch Men 2017"]
[Site "Cosenza"]
[Date "2017.12.08"]
[Round "10"]
[White "Genocchio, Daniele"]
[Black "David, Alberto"]
[Result "0-1"]
[WhiteElo "2403"]
[BlackElo "2571"]
[Annotator "TA"]
[PlyCount "78"]
[EventDate "2017.??.??"]
[EventType "tourn"]
[EventCountry "ITA"]
[SourceTitle "playchess.com"]
[Source "ChessBase"]
[SourceQuality "1"]

{[%evp 12,78,0,-6,0,-1,28,19,16,14,27,32,26,40,37,5,15,2,11,-10,-4,-10,-7,-60,-60,-66,-68,-128,-105,-101,-134,-111,-48,-186,-164,-195,-204,-202,-181,-216,-207,-200,-166,-221,-211,-278,-127,-136,-113,-127,-126,-183,-174,-292,-275,-231,-228,-458,-83,-203,-158,-318,-251,-539,-490,-512,-316,-391,-391]} 1. f4 d5 2. Nf3 g6 3. d3 Nc6 4. c3 Bg7 5. g3 Nf6 6. Bg2 O-O 7. O-O a5 {A03: Bird's Opening with 1...d5} (7... Qd6 8. Kh1 e5 9. fxe5 Nxe5 10. Bf4 Nh5 11. d4 Nxf4 12. dxe5 Qb6 13. gxf4 Qxb2 14. Qb3 Qxe2 15. Nd4 {1-0 (40) Chigaev,M (2551)-Iljin,T (2279) Sochi 2016}) 8. a4 Nd7 $146 ({Predecessor:} 8... Re8 9. h3 b6 10. Kh2 Bb7 11. g4 e5 12. fxe5 Nxe5 13. Bf4 Nc6 14. Na3 Re7 15. Qd2 {½-½ (36) Orlov,P (2240)-Sarenac,D (2286) Belgrade 2014}) 9. d4 Nf6 {The position is equal.} 10. Ne5 Bf5 11. Nd2 Na7 12. h3 h5 13. Qb3 Qc8 14. Kh2 c5 15. c4 Nc6 16. cxd5 Nxd4 17. Qc4 (17. Qd1 $1 $11) 17... Nd7 $15 18. Nxd7 Bxd7 19. Qd3 (19. e4 $1 $15) 19... b5 $1 $17 {[%cal Bb7b5,Bb5a4][%mdl 32]} 20. e3 c4 $36 {[%mdl 2048] Black is on the roll.} 21. Qb1 Ne2 (21... Nb3 $17 22. Nxb3 cxb3) 22. Ne4 (22. Re1 $1 $15 Nxc1 23. Rxc1) 22... bxa4 $19 23. Rf2 Nxc1 24. Qxc1 Rb8 25. Rc2 Rb4 $1 26. Nd2 Bb5 27. e4 {[#]} (27. Nf3 $142) 27... h4 $1 {[%mdl 512]} 28. Ra3 (28. gxh4 c3) 28... Qc7 (28... Qb8 $19 29. Nf1 g5 $1 {[%mdl 512]}) 29. e5 $17 f6 30. d6 exd6 31. Bd5+ (31. Nxc4 $17 Bxc4 {[#]} 32. Bd5+ $1 {[%mdl 512]} Kh7 33. Bxc4) 31... Kh8 32. exf6 (32. Bxc4 {was necessary.} Qb6 33. Bxb5 fxe5 34. Bc4 Qf2+ 35. Kh1 hxg3 36. Qg1) 32... Bxf6 33. Ne4 Qg7 {[%cal Rf6b2]} 34. Rac3 $2 (34. Nxf6 {is the only way for White.} Qxf6 35. f5) 34... Be7 $2 (34... Bxc3 $19 {is more deadly.} 35. bxc3 hxg3+ 36. Nxg3 Rb3) 35. Qe1 (35. Rg2 $17) 35... Ba6 36. Qf2 $2 (36. gxh4 $17 Rxf4 37. Ng5 Bxg5 38. hxg5) 36... Bb7 37. Rd2 $2 (37. Bxb7 {was forced.} Rxb7 38. Qd2) 37... hxg3+ $19 38. Kxg3 g5 39. Bxb7 Rxb7 {Precision: White = 30%, Black = 42%.} 0-1

[Event "77th ITA-ch Men 2017"]
[Site "Cosenza"]
[Date "2017.12.10"]
[Round "11"]
[White "Dvirnyy, Danyyl"]
[Black "Brunello, Sabino"]
[Result "0-1"]
[WhiteElo "2539"]
[BlackElo "2556"]
[Annotator "TA"]
[PlyCount "64"]
[EventDate "2017.??.??"]
[EventType "tourn"]
[EventCountry "ITA"]
[SourceTitle "playchess.com"]
[Source "ChessBase"]
[SourceQuality "1"]

{[%evp 16,64,20,16,17,9,33,16,59,27,17,20,28,30,13,30,33,26,27,15,43,43,47,46,54,29,66,53,64,43,62,59,45,44,53,49,95,94,88,79,93,40,43,52,48,-604,-587,-715,-707,-675,-683]} 1. d4 d5 2. c4 c6 3. e3 e6 4. Bd3 f5 5. Nc3 Nf6 6. Nge2 Bd6 7. Qc2 O-O 8. f3 Qe7 {A84: Holländische Verteidigung} 9. O-O {LiveBook: 3 Partien} dxc4 10. Bxc4 b5 {Die Stellung ist ausgeglichen.} 11. Bb3 b4 12. e4 $146 ({Vorgänger:} 12. Na4) 12... bxc3 13. e5 cxb2 14. Qxb2 Bc7 {[#] Weiss muss nun ...Sd5 beachten.} 15. exf6 Qxf6 16. Bf4 Bb6 17. Kh1 Na6 18. Be5 {[%mdl 1024] Weiss hat Kompensation.} Qh6 19. Rac1 Bd7 20. f4 $36 {[%mdl 2048] Weiss kämpft um Vorteil.} Rf7 21. Rf3 {Droht stark Th3.} Qh4 22. Rg3 {[#] Und weiter mit d5! wäre nett.} Qe7 23. Ng1 Nb4 24. Qe2 Nd5 25. Bxd5 exd5 26. Qh5 Qe6 27. Nf3 Re7 28. Ng5 (28. Qh4 $16) 28... Qg6 $1 $14 {[%cal Rg6h5]} 29. Qh4 {Sxh7 ist eine echte Drohung.} Bd8 30. Ne4 $2 {[%mdl 8192]} (30. Nf3 $14 Rf7 31. Qh3 (31. Rxg6 Bxh4 32. Rxg7+ Rxg7 $11)) 30... Rxe5 $1 $19 {Schwarz steht klar auf Gewinn.} 31. Qh3 fxe4 32. Qxd7 Re7 {Precision: Weiß = 58%, Schwarz = 70%.} 0-1

[Event "77th ITA-ch Men 2017"]
[Site "Cosenza"]
[Date "2017.12.10"]
[Round "11"]
[White "Moroni, Luca jr"]
[Black "Gilevych, Artem"]
[Result "1-0"]
[WhiteElo "2506"]
[BlackElo "2429"]
[Annotator "TA"]
[PlyCount "107"]
[EventDate "2017.??.??"]
[EventType "tourn"]
[EventCountry "ITA"]
[SourceTitle "playchess.com"]
[Source "ChessBase"]
[SourceQuality "1"]

{[%evp 10,107,0,4,12,19,39,36,40,37,43,42,52,42,54,27,41,41,41,41,45,45,55,36,59,48,68,51,107,99,102,102,113,109,105,104,104,104,104,104,118,97,112,118,116,118,121,114,113,104,114,105,125,122,241,232,254,241,329,327,318,320,323,325,316,293,514,498,462,454,557,535,1402,522,524,535,438,429,467,445,458,438,667,289,478,611,544,692,1262,1156,2996,2996,12827,12830,12842,12841,12843,12843,12844,12843]} 1. d4 d5 2. Bf4 Nf6 3. e3 e6 4. Nf3 Bd6 5. Nbd2 Bxf4 6. exf4 Qd6 {D02: 1 d4 d5 2 Nf3 sidelines, including 2...Nf6 3 g3 and 2...Nf6 3 Bf4} (6... b6 7. Bd3 c5 8. c3 O-O 9. O-O Ba6 10. Bxa6 Nxa6 11. Ne5 Nc7 12. Qf3 Nb5 13. dxc5 bxc5 14. f5 exf5 15. Qxf5 {½-½ (53) Baron,T (2557)-Rodshtein,M (2698) Biel 2016}) 7. g3 $1 c5 8. dxc5 Qxc5 {White is slightly better.} 9. Bd3 Nc6 $146 ({Predecessor:} 9... O-O 10. O-O Nc6 11. c3 Bd7 12. Nb3 Qb6 13. Qe2 a5 14. Nbd4 Nxd4 15. Nxd4 {1-0 (44) Korchmar,V (2409)-Kakabayaev,M (2329) Moscow 2017}) 10. c3 Bd7 11. Qe2 (11. O-O {looks sharper.} O-O 12. Qe2 h6 13. Rfc1 a5 14. Rab1) 11... Qb6 12. Nb3 (12. Rb1 {feels hotter.} O-O 13. O-O a6 14. Rfe1 Rac8 15. Nb3) 12... a5 13. Nbd4 Nxd4 14. Nxd4 a4 15. a3 O-O 16. O-O Ra5 17. Rfe1 Ne4 18. Rad1 Rd8 (18... Nd6 $14) 19. Bxe4 $16 dxe4 20. Qxe4 g6 21. Qe2 Rd5 22. Rd2 Bb5 23. Qe3 Bc4 24. Red1 Qc7 25. h4 b5 26. Nf3 h5 27. Ne5 Qb7 28. Rd4 R8d6 29. R1d2 Bb3 30. Qe4 Qc7 31. Rxd5 Rxd5 (31... Bxd5 $16 32. Qb4 Rb6) 32. Rxd5 $18 Bxd5 {[#]} 33. Qb4 $1 f6 34. Nxg6 Kg7 35. f5 $1 ({Worse is} 35. Qxb5 Kxg6 36. Qxa4 Qb7 $11) 35... exf5 36. Qxb5 Bc6 {[#]} 37. Nf4 $1 {[%cal Rf4e6] Threatens to win with Ne6+.} ({Inferior is} 37. Qxf5 Qd8 $11) 37... Qxf4 $2 (37... Bxb5 38. Ne6+ Kf7 39. Nxc7 Bc4) 38. Qxc6 {[%mdl 4096] Endgame KQ-KQ} Qc1+ 39. Kg2 Qxb2 40. Qxa4 Qxc3 41. Qa8 (41. Qd7+ $142 Kg6 42. Qe8+ Kg7 43. Qxh5) 41... Qc4 42. Qf3 Kg6 43. Qf4 Qd5+ 44. Kh2 Qa2 45. a4 Qa1 (45... Qb2 $142 46. Qe3 Qa2) 46. Kg2 (46. Qb4 $142 Qf1 47. Qc5) 46... Qa2 $2 (46... Qc3 {was worth a try.} 47. Qd6 Qa5) 47. Qd4 {White is clearly winning.} Qa3 48. Qc4 Kg7 49. Qb5 f4 50. Qb7+ Kh6 51. Qe4 f3+ 52. Qxf3 Qxa4 53. Qxf6+ Kh7 54. Qf5+ {Precision: White = 65%, Black = 35%.} 1-0

[Event "77th ITA-ch Men 2017"]
[Site "Cosenza"]
[Date "2017.12.10"]
[Round "11"]
[White "Stella, Andrea"]
[Black "David, Alberto"]
[Result "1/2-1/2"]
[WhiteElo "2506"]
[BlackElo "2570"]
[Annotator "TA"]
[PlyCount "72"]
[EventDate "2017.??.??"]
[EventType "tourn"]
[EventCountry "ITA"]
[SourceTitle "playchess.com"]
[Source "ChessBase"]
[SourceQuality "1"]

{[%evp 10,72,30,25,36,26,26,20,22,26,60,54,52,57,59,43,70,38,64,54,45,31,23,14,59,60,59,62,62,62,56,64,54,54,66,0,0,0,0,0,0,0,0,0,0,0,0,0,0,0,0,0,0,0,0,0,0,0,0,0,0,0,0,0,0]} 1. d4 f5 2. g3 Nf6 3. Bg2 g6 4. Nf3 Bg7 5. O-O O-O 6. b3 b6 {A81: Dutch Defence: 2 g3} 7. Ne5 c6 8. Bb2 Bb7 9. c4 $146 ({Predecessor:} 9. Nd2 d6 10. Nd3 Na6 11. e4 fxe4 12. Nxe4 Nxe4 13. Bxe4 Nc7 14. h4 {0-1 (47) Loetscher,R (2395)-Bartel,M (2629) Basel 2013}) 9... Qc8 10. Nd2 c5 11. d5 e6 12. e4 fxe4 13. dxe6 dxe6 14. Qe2 Nc6 15. Nxc6 Bxc6 16. Rad1 Rb8 {[%cal Ba8b8,Bb8b7,Bb7d7][%mdl 32]} 17. Be5 Rb7 18. Nxe4 Nxe4 19. Bxe4 Bxe5 20. Bxc6 Qxc6 21. Qxe5 Rd7 22. Rfe1 (22. h3 $14) 22... Qf3 $1 $36 {[%cal Rf3f2][%mdl 2048] The position is equal. White is under pressure.} 23. Qxe6+ Kh8 24. Qe5+ Kg8 25. Qe6+ Kh8 26. Qe5+ Kg8 27. Qe6+ Kh8 28. Rxd7 Qxf2+ 29. Kh1 Qf3+ 30. Kg1 Qf2+ 31. Kh1 Qf3+ 32. Kg1 {[#] Threatening mate with Qe5+.} Qf2+ 33. Kh1 {Qe5+ would kill now.} Qf3+ 34. Kg1 Qf2+ 35. Kh1 {White threatens Qe5+ and mate.} Qf3+ 36. Kg1 {[#] White wants to mate with Qe5+.} Qf2+ {Precision: White = 54%, Black = 61%.} 1/2-1/2